000 00938nam a2200301 i 4500
003 EG-GICUC
005 20260228072943.0
008 260228s1951 -uk||||fr|||| 001 0 eng d
040 _aEG-GiCUC
_beng
_cEG-GiCUC
_dEG-GiCUC
_erda
041 0 _aeng
082 0 4 _221
_a341.710495
_bSI . H
092 0 4 _221
099 _aLaw1 11 341.710495 SI . H 1951
100 1 _aSinclair, T. A
_eAuthor.
245 1 2 _aA History Of Greek Political Thought /
_cBy T. A. Sinclair.
264 1 _a London :
_bRoutledge & Kegan Paul,
_c1951.
300 _a317 pages,
_c24 cm
336 _2rda content
_atext
337 _2rda media
_aComputer
338 _2rda carrier
_aOnline Resource
500 _a
504 _aIncludes bibliographical references and index.
546 _aText in English
650 1 4 _aPublic international law
856 4 0 _uhttps://fll.law.cu.edu.eg/fulltext/bks/B11-08215.pdf
905 _a48
942 _2ddc
_cBK
_e21
_n0
999 _c64320
_d64320